000
00291nam a22001337a 4500
020
_a
0-7214-1646-2
082
_a
823
_b
STI/S
100
_a
STIMSON, JOAN
245
_a
STORY TIME FOR 2 YEARS OLD
260
_a
UK
_b
LADY BIRD
300
_a
43
650
_a
ENGLISH SHORT STORY
_z
UK
942
_c
BK
999
_c
2499
_d
2499